[Event "Bundesliga 9596"]
[Site "Deutschland"]
[Date "1996.??.??"]
[Round "?.3"]
[White "Christiansen, Larry Mark"]
[Black "Lobron, Eric"]
[Result "0-1"]
[WhiteElo "2580"]
[BlackElo "2590"]
[PlyCount "164"]
[EventDate "1995.10.??"]
[EventType "team"]
[EventRounds "15"]
[EventCountry "GER"]
[SourceTitle "Bundesliga 9596"]
[Source "DeepChess"]
[SourceDate "2005.01.01"]
[SourceVersion "1"]
[SourceVersionDate "2005.01.01"]
[SourceQuality "1"]
[WhiteTeam "SG Porz e.V."]
[BlackTeam "SV Empor Berlin e.V."]
[WhiteTeamCountry "GER"]
[BlackTeamCountry "GER"]

1. c4 Nf6 2. Nc3 e5 3. Nf3 Nc6 4. d4 e4 5. Ng5 Bb4 6. g3 d5 7. a3 Bxc3+ 8. bxc3
O-O 9. Bg2 h6 10. cxd5 Qxd5 11. Nh3 Bf5 12. Nf4 Qd7 13. h4 Na5 14. a4 Rfe8 15.
h5 Rad8 16. O-O c5 17. Be3 c4 18. Rb1 Nb3 19. Rxb3 cxb3 20. Qxb3 Bg4 21. Rb1 b6
22. c4 Nxh5 23. Nxh5 Bxh5 24. Rb2 Bg4 25. d5 Bh3 26. Bh1 Bf5 27. Rd2 Rb8 28.
Rd4 Rbc8 29. Bg2 Rc5 30. Bd2 h5 31. Bb4 Rc6 32. Bd2 Rg6 33. Bf4 h4 34. Qb5 hxg3
35. fxg3 Qc8 36. d6 Bd7 37. Qd5 Rge6 38. Bxe4 Qc5 39. Bf5 Qb4 40. Kf2 Qxa4 41.
Bg4 Rf6 42. Bf3 Rf5 43. Qb7 g5 44. Bg4 gxf4 45. Bxf5 fxg3+ 46. Kxg3 Bxf5 47. d7
Rd8 48. Rd5 Be6 49. Qc7 Qa3+ 50. Kh2 Qe7 51. Rh5 Bg4 52. Re5 Qh4+ 53. Kg2 Rxd7
54. Re8+ Kh7 55. Qe5 Bh3+ 56. Kf3 f6 57. Qb8 Qg4+ 58. Kf2 Qg2+ 59. Ke3 Qg1+ 60.
Kf3 Bg4+ 61. Kf4 Rd4+ 62. e4 Qh2+ 63. Kxg4 Qxb8 64. Rxb8 Kg6 65. Rg8+ Kf7 66.
Rc8 Rxe4+ 67. Kf3 Re5 68. Rc7+ Re7 69. Rc6 Kg6 70. c5 bxc5 71. Rxc5 Re5 72. Rc8
Kf5 73. Rh8 a5 74. Rh7 Ke6 75. Ra7 f5 76. Ra6+ Kd7 77. Kf4 Rd5 78. Rh6 Kc7 79.
Rf6 Kb7 80. Rf7+ Kb6 81. Rf6+ Kb5 82. Rf8 a4 0-1

[Event "Bundesliga 9596"]
[Site "Deutschland"]
[Date "1996.??.??"]
[Round "?.5"]
[White "Stangl, Markus"]
[Black "Boensch, Uwe"]
[Result "1-0"]
[WhiteElo "2565"]
[BlackElo "2550"]
[PlyCount "135"]
[EventDate "1995.10.??"]
[EventType "team"]
[EventRounds "15"]
[EventCountry "GER"]
[SourceTitle "Bundesliga 9596"]
[Source "DeepChess"]
[SourceDate "2005.01.01"]
[SourceVersion "1"]
[SourceVersionDate "2005.01.01"]
[SourceQuality "1"]
[WhiteTeam "SG Porz e.V."]
[BlackTeam "SV Empor Berlin e.V."]
[WhiteTeamCountry "GER"]
[BlackTeamCountry "GER"]

1. c4 e6 2. g3 d5 3. Bg2 Nf6 4. Nf3 Be7 5. O-O O-O 6. d4 dxc4 7. Qc2 a6 8. Qxc4
b5 9. Qc2 Bb7 10. Bf4 Bd6 11. Nbd2 Nbd7 12. a4 h6 13. Rfc1 Qb8 14. Ne5 Bxg2 15.
Kxg2 c5 16. Nxd7 Nxd7 17. dxc5 Bxf4 18. gxf4 Qxf4 19. axb5 Rac8 20. c6 axb5 21.
Nf3 Nf6 22. Qc5 Rfd8 23. Qxb5 Ne4 24. h3 Rd5 25. Qb7 Rc7 26. Qb8+ Kh7 27. Rc4
Rg5+ 28. Kf1 Nd2+ 29. Nxd2 Qxd2 30. Qb3 Rg6 31. Rd1 Qg5 32. Rg4 Qe5 33. Rxg6
fxg6 34. Rc1 Rf7 35. Ke1 Qh2 36. f3 Qxh3 37. Qc4 Qg3+ 38. Kd2 Rc7 39. Qd4 Qg5+
40. f4 Qb5 41. Rc5 Qb3 42. Qc3 Qa2 43. Qe5 Qa4 44. Qd6 Qb4+ 45. Ke3 Rc8 46. c7
Qxb2 47. Qxe6 Qb4 48. Rc6 Qa3+ 49. Ke4 Qb4+ 50. Kf3 Qb1 51. Kg2 Qf5 52. Qe5
Qg4+ 53. Kf2 Rf8 54. Ke3 Qd7 55. Qd6 Re8+ 56. Kd2 Qg4 57. Kc3 Qg1 58. Qd3 Qc1+
59. Qc2 Qe3+ 60. Qd3 Qc1+ 61. Qc2 Qe3+ 62. Kc4 Qxf4+ 63. Kb5 Rc8 64. Qxg6+ Kh8
65. Qc2 Qe5+ 66. Kb6 Qe7 67. Qf5 Qb4+ 68. Ka7 1-0

[Event "Bundesliga 9596"]
[Site "Deutschland"]
[Date "1996.??.??"]
[Round "?.6"]
[White "Tischbierek, Raj"]
[Black "Hickl, Joerg"]
[Result "1/2-1/2"]
[WhiteElo "2490"]
[BlackElo "2580"]
[PlyCount "84"]
[EventDate "1995.10.??"]
[EventType "team"]
[EventRounds "15"]
[EventCountry "GER"]
[SourceTitle "Bundesliga 9596"]
[Source "DeepChess"]
[SourceDate "2005.01.01"]
[SourceVersion "1"]
[SourceVersionDate "2005.01.01"]
[SourceQuality "1"]
[WhiteTeam "SV Empor Berlin e.V."]
[BlackTeam "SG Porz e.V."]
[WhiteTeamCountry "GER"]
[BlackTeamCountry "GER"]

1. e4 g6 2. d4 d6 3. Nc3 c6 4. Be3 Bg7 5. Qd2 b5 6. Bd3 Qc7 7. h3 Nd7 8. Nf3
Ngf6 9. O-O O-O 10. Rfe1 Bb7 11. Bh6 e5 12. Bxg7 Kxg7 13. dxe5 Nxe5 14. Nxe5
dxe5 15. a4 b4 16. Ne2 c5 17. Ng3 h6 18. c3 Rfd8 19. Qe3 bxc3 20. bxc3 Qa5 21.
Bc4 Bc6 22. h4 Rab8 23. h5 Be8 24. hxg6 fxg6 25. Ra2 Rb6 26. Nf1 Rb7 27. Nd2
Qc7 28. Nb3 Bf7 29. Bxf7 Qxf7 30. Nxc5 Rc7 31. Rb2 Rdc8 32. Nd3 Rxc3 33. Qe2
Qe7 34. Reb1 Qd6 35. Rb7+ R8c7 36. Rxc7+ Rxc7 37. Qe3 Rd7 38. Ne1 Qd4 39. Qxd4
Rxd4 40. Rb7+ Rd7 41. Rxd7+ Nxd7 42. Nd3 Kf6 1/2-1/2

[Event "Bundesliga 9596"]
[Site "Deutschland"]
[Date "1996.??.??"]
[Round "?.7"]
[White "Vogt, Lothar"]
[Black "Volke, Karsten"]
[Result "1-0"]
[WhiteElo "2490"]
[BlackElo "2470"]
[PlyCount "59"]
[EventDate "1995.10.??"]
[EventType "team"]
[EventRounds "15"]
[EventCountry "GER"]
[SourceTitle "Bundesliga 9596"]
[Source "DeepChess"]
[SourceDate "2005.01.01"]
[SourceVersion "1"]
[SourceVersionDate "2005.01.01"]
[SourceQuality "1"]
[WhiteTeam "SG Porz e.V."]
[BlackTeam "SV Empor Berlin e.V."]
[WhiteTeamCountry "GER"]
[BlackTeamCountry "GER"]

1. e4 c5 2. Nf3 e6 3. c3 d5 4. exd5 exd5 5. d4 Nc6 6. Be3 cxd4 7. Nxd4 Bd6 8.
Nd2 Nge7 9. N2f3 O-O 10. Bd3 Ng6 11. Qc2 Bg4 12. h3 Bd7 13. Rd1 Rc8 14. Qb3 Nf4
15. Bxf4 Bxf4 16. Qxd5 Qe7+ 17. Ne2 Rcd8 18. O-O Bc7 19. Qh5 g6 20. Qh6 Ne5 21.
Ned4 Bc6 22. Ng5 f5 23. Nge6 Rxd4 24. Nxd4 f4 25. Rfe1 Bd5 26. Be4 Bxa2 27. b3
Kh8 28. Ra1 Qf6 29. Rxa2 Rd8 30. Nf3 1-0

[Event "Bundesliga 9596"]
[Site "Deutschland"]
[Date "1996.??.??"]
[Round "?.8"]
[White "Muse, Mladen"]
[Black "Brunner, Lucas"]
[Result "1/2-1/2"]
[WhiteElo "2420"]
[BlackElo "2510"]
[PlyCount "67"]
[EventDate "1995.10.??"]
[EventType "team"]
[EventRounds "15"]
[EventCountry "GER"]
[SourceTitle "Bundesliga 9596"]
[Source "DeepChess"]
[SourceDate "2005.01.01"]
[SourceVersion "1"]
[SourceVersionDate "2005.01.01"]
[SourceQuality "1"]
[WhiteTeam "SV Empor Berlin e.V."]
[BlackTeam "SG Porz e.V."]
[WhiteTeamCountry "GER"]
[BlackTeamCountry "GER"]

1. d4 d5 2. c4 dxc4 3. e3 Nf6 4. Bxc4 e6 5. Nf3 c5 6. O-O a6 7. b3 Nc6 8. Bb2
cxd4 9. Nxd4 Bd7 10. Nd2 Be7 11. Rc1 O-O 12. N2f3 Rc8 13. Qe2 Nxd4 14. Bxd4 Qa5
15. Ne5 Bb5 16. Qf3 Bxc4 17. bxc4 Bd6 18. c5 Bxc5 19. Nc4 Qd8 20. Bxf6 Qxf6 21.
Qxb7 Qe7 22. Qxa6 Ra8 23. Qc6 Rxa2 24. Rb1 Bb4 25. Ne5 Raa8 26. Qe4 Bc3 27. Rb7
Qa3 28. Nd7 Rfd8 29. Nb6 Ra7 30. Nc4 Qa4 31. Rxa7 Qxa7 32. g3 Qa8 33. Qxa8 Rxa8
34. Rc1 1/2-1/2

[Event "Bundesliga 9596"]
[Site "Deutschland"]
[Date "1995.??.??"]
[Round "?.1"]
[White "Lutz, Christopher"]
[Black "Horvath, Tamas"]
[Result "1/2-1/2"]
[WhiteElo "2575"]
[BlackElo "2425"]
[PlyCount "60"]
[EventDate "1995.10.??"]
[EventType "team"]
[EventRounds "15"]
[EventCountry "GER"]
[SourceTitle "Bundesliga 9596"]
[Source "DeepChess"]
[SourceDate "2005.01.01"]
[SourceVersion "1"]
[SourceVersionDate "2005.01.01"]
[SourceQuality "1"]
[WhiteTeam "SG Porz e.V."]
[BlackTeam "SV Tuebingen 1870 e.V."]
[WhiteTeamCountry "GER"]
[BlackTeamCountry "GER"]

1. e4 c5 2. Nf3 e6 3. d4 cxd4 4. Nxd4 Nf6 5. Nc3 Nc6 6. Ndb5 d6 7. Bf4 e5 8.
Bg5 a6 9. Na3 b5 10. Bxf6 gxf6 11. Nd5 f5 12. exf5 Bxf5 13. c3 Bg7 14. Nc2 Be6
15. g3 O-O 16. Bg2 a5 17. O-O f5 18. Nf4 exf4 19. Bxc6 fxg3 20. hxg3 f4 21. Bd5
Bxd5 22. Qxd5+ Kh8 23. Nd4 fxg3 24. fxg3 Be5 25. Rxf8+ Qxf8 26. Kg2 Qg8 27.
Qxg8+ Rxg8 28. Nf5 b4 29. Rd1 bxc3 30. bxc3 Rb8 1/2-1/2

[Event "Bundesliga 9596"]
[Site "Deutschland"]
[Date "1995.??.??"]
[Round "?.3"]
[White "Christiansen, Larry Mark"]
[Black "Kraut, Rainer"]
[Result "1-0"]
[WhiteElo "2590"]
[BlackElo "2415"]
[PlyCount "147"]
[EventDate "1995.10.??"]
[EventType "team"]
[EventRounds "15"]
[EventCountry "GER"]
[SourceTitle "Bundesliga 9596"]
[Source "DeepChess"]
[SourceDate "2005.01.01"]
[SourceVersion "1"]
[SourceVersionDate "2005.01.01"]
[SourceQuality "1"]
[WhiteTeam "SG Porz e.V."]
[BlackTeam "SV Tuebingen 1870 e.V."]
[WhiteTeamCountry "GER"]
[BlackTeamCountry "GER"]

1. c4 e5 2. Nc3 Nf6 3. g3 Bb4 4. Nf3 e4 5. Ng5 Bxc3 6. bxc3 h6 7. Nh3 O-O 8.
Bg2 d6 9. O-O Nbd7 10. Nf4 Re8 11. d3 Nc5 12. Be3 Bf5 13. Bd4 Nfd7 14. dxe4
Bxe4 15. f3 Bh7 16. e4 Ne5 17. Nh5 Ne6 18. c5 Nxd4 19. cxd4 Nd7 20. cxd6 cxd6
21. Rb1 Qa5 22. Rxb7 Nb6 23. f4 Qc3 24. f5 Qe3+ 25. Kh1 Rxe4 26. Qb3 Qxb3 27.
axb3 Re2 28. Nf4 Ra2 29. g4 Re8 30. Bc6 Rc8 31. d5 Rf8 32. Kg1 g6 33. fxg6 Bxg6
34. Re1 Bc2 35. Re3 Ra3 36. Kf2 Rxb3 37. Rxb3 Bxb3 38. Rxa7 Rb8 39. Kg3 Kg7 40.
Nh5+ Kg6 41. h4 Bc4 42. Rc7 Ba6 43. Kf4 Bc4 44. Kg3 Ba6 45. Re7 Bc4 46. Re4 Kh7
47. Re1 Kh8 48. Nf6 Kg7 49. Nh5+ Kf8 50. Nf4 Na8 51. Rc1 Rb3+ 52. Kf2 Nb6 53.
Re1 Rb2+ 54. Kf3 Rb3+ 55. Ke4 Kg7 56. Kd4 Rb4 57. Kc3 Rb3+ 58. Kc2 Rf3 59. Re4
Bb3+ 60. Kd2 Rf2+ 61. Ke1 Rb2 62. Nh5+ Kg6 63. Re8 f5 64. Re6+ Kf7 65. Be8+ Kf8
66. Bg6 Ba4 67. gxf5 Nxd5 68. Rxd6 Rb1+ 69. Kf2 Rb2+ 70. Kf3 Bd1+ 71. Ke4 Nc3+
72. Kd3 Bxh5 73. Kxc3 Rf2 74. Rf6+ 1-0

[Event "Bundesliga 9596"]
[Site "Deutschland"]
[Date "1995.??.??"]
[Round "?.5"]
[White "Stangl, Markus"]
[Black "Hess, Ralf"]
[Result "1/2-1/2"]
[WhiteElo "2560"]
[BlackElo "2400"]
[PlyCount "91"]
[EventDate "1995.10.??"]
[EventType "team"]
[EventRounds "15"]
[EventCountry "GER"]
[SourceTitle "Bundesliga 9596"]
[Source "DeepChess"]
[SourceDate "2005.01.01"]
[SourceVersion "1"]
[SourceVersionDate "2005.01.01"]
[SourceQuality "1"]
[WhiteTeam "SG Porz e.V."]
[BlackTeam "SV Tuebingen 1870 e.V."]
[WhiteTeamCountry "GER"]
[BlackTeamCountry "GER"]

1. c4 Nf6 2. Nf3 e6 3. g3 d5 4. Bg2 c6 5. Qc2 Nbd7 6. d4 Bd6 7. O-O O-O 8. Nbd2
Re8 9. Rd1 Qe7 10. b3 e5 11. dxe5 Nxe5 12. cxd5 Neg4 13. Nc4 Bc5 14. Nd4 cxd5
15. Ne3 Nxe3 16. Bxe3 Ng4 17. Bg5 Qxg5 18. Qxc5 Qh5 19. h3 Nf6 20. g4 Qg6 21.
Qd6 h5 22. gxh5 Qxh5 23. Rd3 Ne4 24. Qf4 Bd7 25. Rc1 Rac8 26. Rxc8 Bxc8 27. h4
a6 28. Re3 Qg6 29. Kh2 Bd7 30. a3 Nf6 31. Rxe8+ Bxe8 32. Bf3 Qb1 33. h5 Bd7 34.
Kg2 Qb2 35. h6 Qxa3 36. hxg7 Qe7 37. Qg5 Kh7 38. e3 Ng8 39. Qxd5 b5 40. Qb7 Qd6
41. Be4+ Kxg7 42. Bf5 Nf6 43. f3 Be8 44. Bd3 Bd7 45. Bf5 Be8 46. Bd3 1/2-1/2

[Event "Bundesliga 9596"]
[Site "Deutschland"]
[Date "1995.??.??"]
[Round "?.6"]
[White "Dutschak, Hauke"]
[Black "Hickl, Joerg"]
[Result "0-1"]
[WhiteElo "2260"]
[BlackElo "2570"]
[PlyCount "80"]
[EventDate "1995.10.??"]
[EventType "team"]
[EventRounds "15"]
[EventCountry "GER"]
[SourceTitle "Bundesliga 9596"]
[Source "DeepChess"]
[SourceDate "2005.01.01"]
[SourceVersion "1"]
[SourceVersionDate "2005.01.01"]
[SourceQuality "1"]
[WhiteTeam "SV Tuebingen 1870 e.V."]
[BlackTeam "SG Porz e.V."]
[WhiteTeamCountry "GER"]
[BlackTeamCountry "GER"]

1. e4 g6 2. d4 d6 3. Nc3 Bg7 4. Bg5 c6 5. Qd2 b5 6. g3 Nd7 7. Bg2 Bb7 8. Nge2
Ngf6 9. O-O O-O 10. e5 dxe5 11. dxe5 Nxe5 12. Qxd8 Rfxd8 13. Nxb5 Ba6 14. Nbc3
h6 15. Bf4 Nd5 16. Rfd1 e6 17. Nd4 Rac8 18. Rab1 Nc4 19. Nxd5 cxd5 20. Bc1 Kh7
21. Bf1 Bb7 22. c3 e5 23. Nb3 f5 24. Be3 Nxe3 25. fxe3 h5 26. Bg2 Rd6 27. Rd3
e4 28. Rd2 Ra6 29. Ra1 Bh6 30. Kf2 g5 31. Nd4 f4 32. Nf5 fxg3+ 33. Nxg3 h4 34.
Nxe4 Rb6 35. Ke1 dxe4 36. Rd7+ Kh8 37. Rad1 Bg7 38. Re7 Bc6 39. Rxa7 Rxb2 40.
Bh3 Rf8 0-1

[Event "Bundesliga 9596"]
[Site "Deutschland"]
[Date "1995.??.??"]
[Round "?.7"]
[White "Vogt, Lothar"]
[Black "Trettin, Ulrich"]
[Result "1-0"]
[WhiteElo "2475"]
[BlackElo "2270"]
[PlyCount "55"]
[EventDate "1995.10.??"]
[EventType "team"]
[EventRounds "15"]
[EventCountry "GER"]
[SourceTitle "Bundesliga 9596"]
[Source "DeepChess"]
[SourceDate "2005.01.01"]
[SourceVersion "1"]
[SourceVersionDate "2005.01.01"]
[SourceQuality "1"]
[WhiteTeam "SG Porz e.V."]
[BlackTeam "SV Tuebingen 1870 e.V."]
[WhiteTeamCountry "GER"]
[BlackTeamCountry "GER"]

1. e4 c5 2. c3 Nf6 3. e5 Nd5 4. d4 cxd4 5. cxd4 e6 6. Nf3 d6 7. a3 Be7 8. Bd3
O-O 9. O-O Nc6 10. exd6 Qxd6 11. Nc3 b6 12. Ne4 Qd8 13. Bd2 Bb7 14. Qe2 Rc8 15.
Rac1 Qc7 16. Neg5 Nf6 17. Rfe1 Bd6 18. d5 Nxd5 19. Bxh7+ Kh8 20. Bb1 g6 21. Qc4
Kg7 22. Rxe6 Ne5 23. Nxe5 Bxe5 24. Rxg6+ fxg6 25. Ne6+ Kg8 26. Nxc7 Rxc7 27.
Qe4 Bxb2 28. Bh6 1-0

[Event "Bundesliga 9596"]
[Site "Deutschland"]
[Date "1995.??.??"]
[Round "?.8"]
[White "Gass, Ulrich"]
[Black "Mainka, Romuald"]
[Result "0-1"]
[WhiteElo "2114"]
[BlackElo "2530"]
[PlyCount "105"]
[EventDate "1995.10.??"]
[EventType "team"]
[EventRounds "15"]
[EventCountry "GER"]
[SourceTitle "Bundesliga 9596"]
[Source "DeepChess"]
[SourceDate "2005.01.01"]
[SourceVersion "1"]
[SourceVersionDate "2005.01.01"]
[SourceQuality "1"]
[WhiteTeam "SV Tuebingen 1870 e.V."]
[BlackTeam "SG Porz e.V."]
[WhiteTeamCountry "GER"]
[BlackTeamCountry "GER"]

1. e4 c5 2. Nf3 Nc6 3. Bb5 e6 4. Bxc6 bxc6 5. d3 Ne7 6. O-O Ng6 7. Ng5 e5 8.
Qh5 Be7 9. Nc3 d6 10. Ne2 Bxg5 11. Bxg5 f6 12. Be3 O-O 13. f4 exf4 14. Nxf4 Ne5
15. b3 g5 16. Nh3 Bg4 17. Qh6 Be2 18. Nxg5 fxg5 19. Bxg5 Qd7 20. Rfe1 Qg4 21.
Rxe2 Qxe2 22. Bf6 Rf7 23. Qg5+ Ng6 24. h4 Raf8 25. Rf1 Rxf6 26. Rxf6 Qe1+ 27.
Kh2 Rxf6 28. Qxf6 Qxh4+ 29. Qxh4 Nxh4 30. Kg3 Ng6 31. Kg4 Kf7 32. Kg5 Ne5 33.
Kh6 Kg8 34. Kg5 Kg7 35. Kf5 Kf7 36. Kg5 a5 37. Kh6 Kg8 38. Kg5 Kg7 39. Kf5 Kf7
40. Kg5 Ke6 41. Kh6 Ng4+ 42. Kxh7 Kf6 43. Kg8 Ne3 44. Kf8 Nxg2 45. Ke8 Ke6 46.
Kd8 Ne1 47. Kc7 Nxc2 48. Kb6 Nb4 49. a4 Nxd3 50. Kxa5 Nc1 51. Kb6 Nxb3 52. a5
Nxa5 53. Kxa5 0-1

[Event "Bundesliga 9596"]
[Site "Deutschland"]
[Date "1996.??.??"]
[Round "?.1"]
[White "Ribli, Zoltan"]
[Black "Rozentalis, Eduardas"]
[Result "1/2-1/2"]
[WhiteElo "2590"]
[BlackElo "2605"]
[PlyCount "44"]
[EventDate "1995.10.??"]
[EventType "team"]
[EventRounds "15"]
[EventCountry "GER"]
[SourceTitle "Bundesliga 9596"]
[Source "DeepChess"]
[SourceDate "2005.01.01"]
[SourceVersion "1"]
[SourceVersionDate "2005.01.01"]
[SourceQuality "1"]
[WhiteTeam "SK Passau 1869"]
[BlackTeam "SK Zaehringen 1921"]
[WhiteTeamCountry "GER"]
[BlackTeamCountry "GER"]

1. Nf3 Nf6 2. c4 e6 3. d4 b6 4. a3 Bb7 5. Nc3 d5 6. Qc2 Be7 7. cxd5 exd5 8. Bf4
O-O 9. e3 Nbd7 10. Be2 c5 11. O-O Ne4 12. dxc5 Nxc3 13. Qxc3 bxc5 14. Rfd1 Bf6
15. Qc2 Qe7 16. Rd2 Rfd8 17. Bc7 Re8 18. h3 Nf8 19. Bg3 d4 20. exd4 cxd4 21.
Qb3 Ne6 22. Qb4 Qxb4 1/2-1/2

[Event "Bundesliga 9596"]
[Site "Deutschland"]
[Date "1996.??.??"]
[Round "?.3"]
[White "Schlosser, Philipp"]
[Black "Siegel, Georg"]
[Result "1-0"]
[WhiteElo "2540"]
[BlackElo "2455"]
[PlyCount "71"]
[EventDate "1995.10.??"]
[EventType "team"]
[EventRounds "15"]
[EventCountry "GER"]
[SourceTitle "Bundesliga 9596"]
[Source "DeepChess"]
[SourceDate "2005.01.01"]
[SourceVersion "1"]
[SourceVersionDate "2005.01.01"]
[SourceQuality "1"]
[WhiteTeam "SK Passau 1869"]
[BlackTeam "SK Zaehringen 1921"]
[WhiteTeamCountry "GER"]
[BlackTeamCountry "GER"]

1. e4 c5 2. Nf3 d6 3. d4 cxd4 4. Nxd4 Nf6 5. Nc3 Nc6 6. Bg5 e6 7. Qd2 Be7 8.
O-O-O O-O 9. f4 Nxd4 10. Qxd4 Qa5 11. Bc4 Bd7 12. e5 dxe5 13. fxe5 Bc6 14. Bd2
Nd7 15. Nd5 Qd8 16. Nxe7+ Qxe7 17. Rhe1 Rfd8 18. Qg4 Nf8 19. Bd3 Rxd3 20. cxd3
Ng6 21. Kb1 Qd7 22. Bc3 a5 23. h4 h5 24. Qxh5 b5 25. Qg4 b4 26. Bd4 Bd5 27. h5
Bxa2+ 28. Kxa2 Ne7 29. Kb1 Nf5 30. Bf2 Rc8 31. Qe4 Ne7 32. Rc1 Rb8 33. Rc5 a4
34. Rec1 Nd5 35. h6 a3 36. b3 1-0

[Event "Bundesliga 9596"]
[Site "Deutschland"]
[Date "1996.??.??"]
[Round "?.4"]
[White "Mohr, Stefan"]
[Black "Schmidt, Peter"]
[Result "0-1"]
[WhiteElo "2440"]
[BlackElo "2405"]
[PlyCount "72"]
[EventDate "1995.10.??"]
[EventType "team"]
[EventRounds "15"]
[EventCountry "GER"]
[SourceTitle "Bundesliga 9596"]
[Source "DeepChess"]
[SourceDate "2005.01.01"]
[SourceVersion "1"]
[SourceVersionDate "2005.01.01"]
[SourceQuality "1"]
[WhiteTeam "SK Zaehringen 1921"]
[BlackTeam "SK Passau 1869"]
[WhiteTeamCountry "GER"]
[BlackTeamCountry "GER"]

1. d4 g6 2. e4 Bg7 3. Nc3 d6 4. Be3 c6 5. h3 b5 6. Nf3 Nd7 7. Bd3 Qc7 8. O-O
Ngf6 9. a4 b4 10. Ne2 c5 11. c3 c4 12. Bb1 b3 13. g4 e5 14. Ng3 Nf8 15. d5 h5
16. g5 N6h7 17. Kg2 h4 18. Ne2 f5 19. gxf6 Bxf6 20. Nh2 g5 21. Ng1 Ng6 22. Ng4
Nf4+ 23. Kh2 Bg7 24. Bxf4 gxf4 25. Nf3 a5 26. Qe2 Bd7 27. Rg1 Kf8 28. Nxh4 Ng5
29. Ng6+ Kf7 30. N4xe5+ Bxe5 31. Rxg5 Rxh3+ 32. Kg1 Kf6 33. Rf5+ Bxf5 34. exf5
f3 35. Qe3 Rh1+ 36. Kxh1 Qh7+ 0-1

[Event "Bundesliga 9596"]
[Site "Deutschland"]
[Date "1996.??.??"]
[Round "?.6"]
[White "Brendel, Oliver"]
[Black "Baumhus, Reinhard"]
[Result "1/2-1/2"]
[WhiteElo "2375"]
[BlackElo "2360"]
[PlyCount "113"]
[EventDate "1995.10.??"]
[EventType "team"]
[EventRounds "15"]
[EventCountry "GER"]
[SourceTitle "Bundesliga 9596"]
[Source "DeepChess"]
[SourceDate "2005.01.01"]
[SourceVersion "1"]
[SourceVersionDate "2005.01.01"]
[SourceQuality "1"]
[WhiteTeam "SK Zaehringen 1921"]
[BlackTeam "SK Passau 1869"]
[WhiteTeamCountry "GER"]
[BlackTeamCountry "GER"]

1. e4 c6 2. d4 d5 3. Nc3 dxe4 4. Nxe4 Nf6 5. Nxf6+ exf6 6. c3 Bd6 7. Bd3 O-O 8.
Ne2 Re8 9. Qc2 Kh8 10. O-O Qc7 11. g3 Nd7 12. Bf4 Nf8 13. Bxd6 Qxd6 14. Nf4 Ne6
15. Nxe6 Bxe6 16. Rfe1 Re7 17. Re3 Rae8 18. Rae1 Bc8 19. Rxe7 Rxe7 20. Rxe7
Qxe7 21. Qe2 Be6 22. a3 g6 23. b4 Qd6 24. Qe3 Kg7 25. h4 h5 26. Qf4 Qd5 27. c4
Qd8 28. f3 a5 29. Bf1 axb4 30. axb4 Qa8 31. Qd2 Qa3 32. d5 Bd7 33. Kg2 Qa1 34.
d6 Qe5 35. c5 Qf5 36. Kf2 g5 37. Qd4 g4 38. Qe4 Qe6 39. Bc4 Qe5 40. Qxe5 fxe5
41. fxg4 hxg4 42. b5 cxb5 43. Bd5 b4 44. Ke1 f5 45. Bxb7 b3 46. Kd1 Ba4 47. Kc1
e4 48. c6 e3 49. d7 e2 50. Kd2 b2 51. d8=Q e1=Q+ 52. Kxe1 b1=Q+ 53. Kf2 Qc2+
54. Ke3 Qe4+ 55. Kd2 Qc2+ 56. Ke1 Qe4+ 57. Kd2 1/2-1/2

[Event "Bundesliga 9596"]
[Site "Deutschland"]
[Date "1996.??.??"]
[Round "?.7"]
[White "Schlingensiepen, Christian"]
[Black "Schmaltz, Roland"]
[Result "0-1"]
[WhiteElo "2305"]
[BlackElo "2455"]
[PlyCount "76"]
[EventDate "1995.10.??"]
[EventType "team"]
[EventRounds "15"]
[EventCountry "GER"]
[SourceTitle "Bundesliga 9596"]
[Source "DeepChess"]
[SourceDate "2005.01.01"]
[SourceVersion "1"]
[SourceVersionDate "2005.01.01"]
[SourceQuality "1"]
[WhiteTeam "SK Passau 1869"]
[BlackTeam "SK Zaehringen 1921"]
[WhiteTeamCountry "GER"]
[BlackTeamCountry "GER"]

1. e4 d6 2. d4 Nf6 3. Nc3 g6 4. Nf3 Bg7 5. Be2 O-O 6. O-O c6 7. a4 Nbd7 8. h3
Qc7 9. Be3 b6 10. Nd2 a6 11. f4 Bb7 12. e5 Nd5 13. Nxd5 cxd5 14. Nf3 e6 15. Bd3
f6 16. exd6 Qxd6 17. Qe2 f5 18. a5 b5 19. Bd2 Nf6 20. Qe1 Rfe8 21. Ne5 Ne4 22.
Bb4 Qc7 23. Ra3 Bf6 24. g4 Kh8 25. Bxe4 Bxe5 26. fxe5 dxe4 27. Rc3 Qd7 28. Bd6
Rac8 29. Rxc8 Rxc8 30. c3 g5 31. gxf5 exf5 32. Qd2 f4 33. d5 Qxh3 34. e6 Qg4+
35. Kh1 e3 36. Qd4+ Kg8 37. Bxf4 e2 38. Rg1 Qh3+ 0-1

[Event "Bundesliga 9596"]
[Site "Deutschland"]
[Date "1996.??.??"]
[Round "?.8"]
[White "Weidemann, Joerg"]
[Black "Kaiser, Wolfgang"]
[Result "0-1"]
[WhiteElo "2310"]
[BlackElo "2410"]
[PlyCount "60"]
[EventDate "1995.10.??"]
[EventType "team"]
[EventRounds "15"]
[EventCountry "GER"]
[SourceTitle "Bundesliga 9596"]
[Source "DeepChess"]
[SourceDate "2005.01.01"]
[SourceVersion "1"]
[SourceVersionDate "2005.01.01"]
[SourceQuality "1"]
[WhiteTeam "SK Zaehringen 1921"]
[BlackTeam "SK Passau 1869"]
[WhiteTeamCountry "GER"]
[BlackTeamCountry "GER"]

1. e4 c5 2. c3 d6 3. d4 Nf6 4. Bd3 Nc6 5. Ne2 g6 6. O-O Bg7 7. d5 Nb8 8. h3 O-O
9. a4 e6 10. dxe6 fxe6 11. f4 Nc6 12. Be3 Qe7 13. g4 b6 14. Ng3 Bb7 15. Nd2 d5
16. Qc2 Nd7 17. Nf3 d4 18. Bd2 c4 19. Bxc4 dxc3 20. Be3 cxb2 21. Rad1 Na5 22.
Ba2 Rac8 23. Qf2 Nc5 24. Ng5 Ncb3 25. Bd4 Nxd4 26. Rxd4 Qxg5 27. Bxe6+ Kh8 28.
Bxc8 Qxf4 29. Rdd1 Qxf2+ 30. Rxf2 Bd4 0-1

[Event "Bundesliga 9596"]
[Site "Deutschland"]
[Date "1996.??.??"]
[Round "?.1"]
[White "Van der Sterren, Paul"]
[Black "Ribli, Zoltan"]
[Result "1/2-1/2"]
[WhiteElo "2535"]
[BlackElo "2590"]
[PlyCount "47"]
[EventDate "1995.10.??"]
[EventType "team"]
[EventRounds "15"]
[EventCountry "GER"]
[SourceTitle "Bundesliga 9596"]
[Source "DeepChess"]
[SourceDate "2005.01.01"]
[SourceVersion "1"]
[SourceVersionDate "2005.01.01"]
[SourceQuality "1"]
[WhiteTeam "SV Castrop Rauxel 1923"]
[BlackTeam "SK Passau 1869"]
[WhiteTeamCountry "GER"]
[BlackTeamCountry "GER"]

1. d4 Nf6 2. c4 e6 3. Nc3 Bb4 4. e3 O-O 5. Bd3 c5 6. Nf3 d5 7. O-O dxc4 8. Bxc4
Nbd7 9. Bd2 cxd4 10. Nxd4 Ne5 11. Be2 Bd7 12. Qb3 Bc5 13. Rfd1 Nc6 14. Nf3 Rc8
15. Qxb7 Rb8 16. Qa6 Rxb2 17. Na4 Nb8 18. Qc4 Bb5 19. Qxc5 Bxa4 20. Ba5 Qc8 21.
Qxc8 Rxc8 22. Rd2 Rxd2 23. Bxd2 Ne4 24. Rc1 1/2-1/2